01241nam a2200313 a 4500001001200000003000800012006001900020007001500039008004100054020001800095020002700113040002100140035002100161050002500182100002000207245015900227250001200386260005900398300001900457504004100476533015200517650002100669650001900690650002400709655002900733700002200762710001700784856012600801ebr10568853CaPaEBRm u cr cn|||||||||120618s2011 qeaa sb 000 0 eng d z9781921513794 z9781921513800 (e-book) aCaPaEBRcCaPaEBR a(OCoLC)79467120814aRC488.5b.S74 2011eb1 aStevens, Bruce.10aHappy ever after?h[electronic resource] :ba practical guide to relationship counselling for clinical psychologists /cBruce Stevens and Malise Arnstein. a1st ed. aBowen Hills, Qld. :bAustralian Academic Press,c2011. a183 p. :bill. aIncludes bibliographical references. aElectronic reproduction.bPalo Alto, Calif. :cebrary,d2011.nAvailable via World Wide Web.nAccess may be limited to ebrary affiliated libraries. 0aCouples therapy. 0aPsychotherapy. 0aClinical sociology. 7aElectronic books.2local1 aArnstein, Malise.2 aebrary, Inc.40uhttp://site.ebrary.com/lib/rucke/Doc?id=10568853zAn electronic book accessible through the World Wide Web; click to view